000 00529cam a22001697a 4500
001 000008474
005 20200929161340.0
008 840604s1983 pr a 000 0 spa
010 _a83463131
040 _aDO-SdBNP
_cDLC
_dDLC
050 0 0 _aMLCS 84/6607 (P)
245 0 0 _aReunion de espejos /
_cseleccion, prologo y notas, Jose Luis Vega.
260 _aRio Piedras, P.R. :
_bEditorial Cultural,
_cc1983.
300 _a303 p. :
_bill. ;
_c21 cm.
700 1 _aVega, Jose Luis,
_d1948-
_99721
910 _aCatalogación original noche
999 _c8245
_d8245